000 01273nam a22002657a 4500
003 AR-RoUNCS
005 20260306133254.0
008 260306t2021 sp |||||r|||| 00| f spa d
020 _a978-84-18557-63-7
040 _aAR-RoUNCS
_cAR-RoUNCS
080 _082-312.4(470)
100 1 _aVavilova, Elena
_d1962-
_eautora
245 1 3 _aLa mujer que sabe guardar secretos :
_cElena Vavilova ; traducción del ruso de Josep Lluís Alay.
250 _a1a ed.
260 _aBarcelona :
_bRoca Editorial,
_c2021.
300 _a349 p. ;
_b23 cm.
500 _aTítulo original: Zhenschina, kotoraya umeet hranit tayny
520 3 _aUna ficción trepidante que cuenta las propias experiencias de vida de Elena. La historia se extiende desde los primeros días del reclutamiento y entrenamiento del personaje principal como espía hasta el fatídico día de su arresto. La novela ofrece la descripción más realista y honesta de la vida y obra de los agentes de la cobertura profunda, los famosos "ilegales" rusos, hasta la fecha (Descripción del editor).
600 1 4 _aVavilova, Elena
_d1962-
650 7 _2embne
_aLiteratura rusa
655 7 _2embne
_aNovelas policiacas
655 7 _2Novelas autobiográficas
700 1 _aAlay, Josep Lluís
_etraductor
942 _2udc
_cOG
_n0
999 _c949
_d949